000 00267nam a22001217a 4500
008 181102b xxu||||| |||| 00| 0 eng d
041 _aeng
080 _25 th
_a330
100 _a55
101 _abus
245 _aBusiness Assciations
_cKlein.W.A
942 _2udc
_cBK
999 _c51709
_d51709